00466nam a2200181 a 450000100060000000300090000600800410001504000280005608200170008410000190010124500270012025000060014726000360015330000100018950000170019965000360021665000320025210885CO-ViMGA141112s2004 ck r 000 u spa d aCO-ViMGAbspacCO-ViMGA04aCo860.4 C1511 aCaneva, Rafael10aLa literatura y el mar a1 aCienaga, cEdiciones Mediodía a91 p. aFecha : 199614aLITERATURA - HISTORIA Y CRITICA14aPOESIA - HISTORIA Y CRITICA